| 000 | 01218nam a2200325 a 4500 | ||
|---|---|---|---|
| 001 | BRCA_8259 | ||
| 005 | 20190320210211.0 | ||
| 008 | 040614s1550----it-####g##---#000-0#ita-# | ||
| 041 | _aita | ||
| 044 | _ait | ||
| 050 | 4 |
_aPQ4185 _b.M3 1550 |
|
| 100 | 1 |
_aMachiavelli, Nicolo _d1469-1527 _920618 |
|
| 245 | 1 | 0 |
_aL´asino d´oro _cNicolo Machiavelli, citadino et secretario fiorentino. |
| 260 |
_aFlorencia _c1550 |
||
| 300 |
_a158 p. _c22 cm. |
||
| 500 | _aEn lomo: Machià L´asino D´oro - 335 | ||
| 500 | _aEjemplar encuadernado en pergamino | ||
| 500 | _aEn segunda de forros sello en color rojo de P. Rolandi. Forking Bookseller Circulating Library. 20 Berners St. London | ||
| 500 | _aFondo antiguo | ||
| 500 | _aEjemplar se encuentra en caja fuerte | ||
| 500 | _aT49 | ||
| 500 | _aCon Ex- libris de: Franz Mayer | ||
| 505 | 0 | _aCon tutte laltre sue operette: la contenenza delle quali haurainella seguente carta. | |
| 506 | 0 | _aFondo reservado: para su consulta es necesario credencial de usuario y carta de motivos | |
| 650 | 1 | 4 |
_aPoesía _xRenacimiento _920619 |
| 650 | 1 | 4 |
_aEscritores italianos _xRenacimiento _920620 |
| 650 | 1 | 4 |
_aLiteratura italiana _920621 |
| 902 | _aLAR | ||
| 942 |
_2lcc _cB |
||
| 999 |
_c7927 _d7927 |
||